Worldwatch Paper 86: (Record no. 22601)
[ view plain ]
| 000 -LEADER | |
|---|---|
| fixed length control field | 00862nam a22001697a 4500 |
| 003 - CONTROL NUMBER IDENTIFIER | |
| control field | BDDh-ASL |
| 005 - DATE AND TIME OF LATEST TRANSACTION | |
| control field | 20231015030139.0 |
| 008 - FIXED-LENGTH DATA ELEMENTS--GENERAL INFORMATION | |
| fixed length control field | 210301s1988 en ||||| |||| 00| 0 eng d |
| 040 ## - CATALOGING SOURCE | |
| Transcribing agency | BDDh-ASL |
| 082 ## - DEWEY DECIMAL CLASSIFICATION NUMBER | |
| Classification number | 363.9 |
| Item number | JAW |
| 100 1# - MAIN ENTRY--PERSONAL NAME | |
| 9 (RLIN) | 3275 |
| Personal name | Jacobson, Jodi L. |
| 245 10 - TITLE STATEMENT | |
| Title | Worldwatch Paper 86: |
| Remainder of title | Environmental Refugees: A Yardstick of Habitability / |
| 260 ## - PUBLICATION, DISTRIBUTION, ETC. | |
| Place of publication, distribution, etc. | USA: |
| Name of publisher, distributor, etc. | Worldwatch Institute, |
| Date of publication, distribution, etc. | 1988. |
| 300 ## - PHYSICAL DESCRIPTION | |
| Extent | 48 p.: |
| Dimensions | 21 cm. |
| 650 #0 - SUBJECT ADDED ENTRY--TOPICAL TERM | |
| Topical term or geographic name entry element | Environment, পরিবেশ, Paribēśa, Environmental Law, পরিবেশ আইন, Paribēśa ā'ina, পরিবেশ, পরিমণ্ডল, পারিপার্শ্বিক অবস্থা, বাতাবরণ, প্রতিবেশ conditions পরিবেশ ambience বাতাবরণ, পরিবেশ, আবহমণ্ডল |
| General subdivision | Refugee |
| 9 (RLIN) | 2993 |
| 942 ## - ADDED ENTRY ELEMENTS (KOHA) | |
| Source of classification or shelving scheme | Dewey Decimal Classification |
| Koha item type | Books |
| Withdrawn status | Lost status | Source of classification or shelving scheme | Damaged status | Not for loan | Collection code | Home library | Current library | Shelving location | Date acquired | Source of acquisition | Total Checkouts | Full call number | Barcode | Date last seen | Copy number | Price effective from | Koha item type |
|---|---|---|---|---|---|---|---|---|---|---|---|---|---|---|---|---|---|
| Dewey Decimal Classification | Non-fiction | Asiatic Society Library | Asiatic Society Library | General Stacks | 03/01/2021 | ASB Collection | 363.9 JAW | 106883 | 03/01/2021 | C-1 | 03/01/2021 | Books |